La reparacin̤ del daǫ derivado de accidente de trabajo

Bibliographic Details
Main Author: Llorens Espada, Julen
Format: eBook
Language:Spanish
Published: Albacete: Editorial Bomarzo, 2016
Subjects:
Online Access:Acceso restringido

MARC

LEADER 00000nam a22000007a 4500
005 2017090805415.0
007 cr|||| ||||
008 170908s2016 es |||||s|||| 00||0 spa d
020 |a 978-84-16608-49-2 
035 |a 20571 
040 |a vLex 
090 |c 6948  |d 6948 
100 1 |a Llorens Espada, Julen 
245 1 2 |a La reparacin̤ del daǫ derivado de accidente de trabajo  |h [Recurso electrn̤ico] /  |c Julen Llorens Espada 
256 |a Servicio en ln̕ea 
260 |a Albacete:  |b Editorial Bomarzo,  |c 2016 
300 |a 1 recurso electrn̤ico 
506 1 |a Disponible solo en los productos indicados  |d vLex Global  |d vLex Global (Academic Edition, excluding Law Schools)  |d vLex Global (U.S. Academic Edition, Law Schools)  |d vLex Global (U.S. Academic Edition, excluding Law Schools)  |d vLex Global (Academic Edition, Law Schools) 
650 0 4 |a Derecho Laboral y Seguridad Social  |z Espaą 
740 0 |a vLex Libros (Servicio en ln̕ea) 
856 4 0 |u http://vlex.com/source/reparacion-del-da-o-derivado-de-accidente-de-trabajo-20571  |z Acceso restringido 
942 |c BOOK 
999 0 |a Labor law and social security